Ville du monde par lettre - B - Statistiques

Statistiques générales
  • Ce quiz a été pris 116 fois
  • Le résultat moyen est 12 sur 20
Statistiques - réponses
Hint Réponse % Correct
Ville anciennement traversée par un mur Berlin
95%
Chef-lieu de la Gironde Bordeaux
92%
Une des trois capitales Européennes Bruxelles
86%
Il existe Congo-Kinshasa et Congo-B... Brazzaville
80%
Symbole de la liberté et du nationalisme durant l'Espagne de Franco Barcelone
79%
Opposée à Dublin Belfast
79%
Ville de l'étoile rouge Belgrade
73%
Elle a donné son nom aux fameuses pâtes Bologne
72%
Le pont des chaînes qui enjambe le Danube, est un incontournable de cette ville Budapest
69%
Elle partage son aéroport avec Mulhouse Bâle
68%
Ville emblématique des treize colonies Boston
67%
Célèbre pour son musée Guggenheim Bilbao
60%
Bâtie sur les trois marigots du fleuve Niger, elle signifie "Marais des Caïmans" Bamako
54%
Connue sous le nom de "Petit Paris" Bucarest
53%
"Bons vents" en français, c'est la ville qui possède le plus de théâtres au monde Buenos Aires
45%
Là où est né le père de la génétique, George Mendel. En actuelle République Tchèque Brno
37%
La cité des Anges, la ville la plus visitée du monde Bangkok
28%
C'est que la Russie a signé son traité de paix en 1917 Brest-Litovsk
22%
Le "nombril du monde" Bagdad
21%
Abrite le plus haut capitole des Etats-Unis Baton Rouge
10%
Aucun quiz correspondant
Distribution des résultats
% des personnes avec chaque résultat
Percentile par nombre de réponses
Votre historique - résultats
Vous n’avez pas pris ce quiz